Statistics for 90 secs World Capitals: by same 4th letter

Click here to take the quiz!

General Stats

  • This quiz has been taken 452 times
  • The average score is 156 of 196

Answer Stats

Capital City % Correct
Islamabad
97%
Havana
97%
Harare
97%
Sarajevo
97%
Jakarta
97%
Suva
97%
Tirana
97%
Kigali
97%
Juba
97%
Tarawa
97%
Funafuti
97%
Rabat
97%
Caracas
97%
Sana'a
97%
Damascus
97%
Dakar
97%
Monaco
97%
Riyadh
97%
Budapest
97%
Doha
97%
Riga
97%
Conakry
97%
Kuwait City
97%
Antananarivo
97%
Apia
97%
N'Djamena
97%
Paramaribo
97%
Ankara
97%
Malabo
97%
Mogadishu
97%
Manama
97%
Amman
97%
Managua
97%
Astana
97%
Asmara
97%
Panama
97%
Lima
97%
Ulaanbaatar
97%
Lusaka
97%
Bamako
97%
Ottawa
97%
Nouakchott
97%
Mexico City
95%
Praia
95%
Manila
95%
Honiara
95%
Palikir
95%
Paris
95%
Dili
95%
Tunis
95%
Addis Ababa
95%
Sofia
95%
Vatican City
95%
Algiers
95%
Bandar Seri Begawan
87%
Libreville
87%
Khartoum
87%
Beirut
87%
London
87%
Madrid
87%
Monrovia
87%
Accra
87%
Zagreb
87%
Nairobi
87%
Abu Dhabi
87%
Sucre
87%
Windhoek
87%
New Delhi
87%
Tehran
87%
Georgetown
87%
Cairo
87%
Bridgetown
87%
Basseterre
83%
Kinshasa
83%
Pristina
83%
Warsaw
83%
Brussels
83%
Bissau
83%
Nassau
83%
Brasilia
83%
Minsk
83%
San Salvador
83%
Chisinau
83%
Helsinki
83%
Bucharest
82%
Dushanbe
82%
Washington
82%
Bishkek
82%
Baghdad
82%
Tashkent
82%
Kathmandu
82%
Montevideo
80%
Yerevan
80%
Sao Tome
80%
Santo Domingo
80%
Rome
80%
Santiago
80%
Victoria
80%
Port-au-Prince
80%
Port-of-Spain
80%
Porto-Novo
80%
Port-Vila
80%
Roseau
80%
Port Moresby
80%
Quito
80%
Pretoria
80%
Port Louis
80%
Yaren
80%
Male
80%
Copenhagen
80%
Amsterdam
80%
Lome
80%
Freetown
80%
Athens
80%
Guatemala City
80%
Luxembourg
80%
Melekeok
80%
Maseru
80%
Bratislava
80%
Castries
80%
Valletta
79%
Tbilisi
79%
Kuala Lumpur
79%
Berlin
79%
Wellington
79%
Tallinn
79%
Dublin
79%
Bogota
77%
Yamoussoukro
77%
Dodoma
77%
Colombo
77%
Gaborone
77%
Hanoi
77%
Oslo
77%
Lilongwe
77%
Andorra la Vella
77%
Nicosia
77%
Moroni
77%
Phnom Penh
77%
Djibouti
74%
Canberra
74%
Lisbon
74%
Ljubljana
74%
Mbabane
74%
Saint George's
72%
Buenos Aires
72%
Luanda
72%
Bern
72%
Saint John's
72%
Vienna
72%
Vientiane
72%
Asuncion
72%
Pyongyang
72%
Vilnius
72%
Seoul
71%
Kabul
71%
Tegucigalpa
71%
Jerusalem
71%
Vaduz
71%
Maputo
71%
Majuro
71%
Baku
71%
Yaounde
71%
Nuku'alofa
71%
Bujumbura
71%
Moscow
67%
Stockholm
67%
Muscat
67%
Abuja
66%
Banjul
66%
Beijing
66%
San Jose
66%
Ouagadougou
63%
Bangkok
63%
Podgorica
63%
Kingstown
63%
Ashgabat
63%
Prague
63%
Kingston
63%
Singapore
63%
Belgrade
63%
Bangui
63%
Tokyo
44%
Kampala
38%
Nay Pyi Taw
38%
Taipei
38%
Tripoli
38%
Skopje
38%
Niamey
36%
San Marino
36%
Thimphu
36%
Belmopan
36%
Dhaka
32%
Reykjavik
32%
Kiev
28%
Brazzaville
20%

Score Distribution

Percentile by Number Answered

Percent of People with Each Score

Your Score History

You have not taken this quiz